00626nam a2200205Ia 4500008004100000100002300041245005600064260001100120300002000131440003700151521001000188650001700198650002100215650002900236650002400265650002100289942000700310999001900317952008400336140626s9999 xx 000 0 und d aHechanova, Regina. aDeconstructing emotional labor /cRegina Hechanova. cc2011. a44 : 1, page 76 aPhilippine Journal of Psychology aPSYCH aCall center. aEmotional labor. aOrganization commitment. aPhilippine culture. aTurnover intent. cSE c121369d121369 001040aCLbCLcPERd2014-06-26l0pS0477r2014-06-26 00:00:00w2014-06-26ySE